| 000 | 00336nam a2200109Ia 4500 | ||
|---|---|---|---|
| 008 | 171204s9999 xx 000 0 und d | ||
| 245 | _aNegotiating the Review of the WTO Dispute Settlement Understanding: | ||
| 245 | _cThomas A. Zimmermann | ||
| 260 | _c2006 | ||
| 650 | _xHistory | ||
| 856 | _uhttp://down.ebook777.com/063/1905017170.pdf | ||
| 999 |
_c345566 _d345566 |
||